The God of Small Things (Record no. 369899)

MARC details
000 -LEADER
fixed length control field 00434nam a2200169 4500
005 - DATE AND TIME OF LATEST TRANSACTION
control field 20260116164850.0
008 - FIXED-LENGTH DATA ELEMENTS--GENERAL INFORMATION
fixed length control field 260116b |||||||| |||| 00| 0 eng d
020 ## - INTERNATIONAL STANDARD BOOK NUMBER
International Standard Book Number 978-0-143-02857-4
041 ## - LANGUAGE CODE
Language code of text/sound track or separate title English
082 ## - DEWEY DECIMAL CLASSIFICATION NUMBER
Classification number X 823 ROY
Item number B12175
100 ## - MAIN ENTRY--PERSONAL NAME
Author Roy, Arundhati
245 ## - TITLE STATEMENT
Title The God of Small Things
260 ## - PUBLICATION, DISTRIBUTION, ETC.
Place of publication, distribution, etc. New Delhi
Name of publisher, distributor, etc. Penguin Books
Date of publication, distribution, etc. 2002
300 ## - PHYSICAL DESCRIPTION
Extent 340p
Other physical details pb
365 ## - TRADE PRICE
Price type code Rupaye
Price amount 309
Currency code INR
942 ## - ADDED ENTRY ELEMENTS (KOHA)
Koha item type Books
Holdings
Withdrawn status Lost status Source of classification or shelving scheme Damaged status Not for loan Collection code Home library Current library Date acquired Vendor Net Price Bill number Total Checkouts Full call number Barcode Date last seen Date last checked out Discount Actual Price Bill Date Koha item type Original Barcode
    Dewey Decimal Classification     Fiction Smt. Bakul Tambat Institute of Nursing Education Smt. Bakul Tambat Institute of Nursing Education 30/12/2025 Amazon(online) 171-8166755-5088351 293.55 HYD8-7361464 1 X 823 ROY B12175 BTIN-BK-12175 07/02/2026 31/01/2026 15.45 309.00 16/01/2026 Books BTIN-BK-12175